[Event "San Francisco TNM Winter op"]
[Site "San Francisco"]
[Date "2017.01.24"]
[Round "4"]
[White "Walters, Kevin"]
[Black "Sadowsky, Jacob A"]
[Result "1-0"]
[WhiteElo "1919"]
[BlackElo "1667"]
[PlyCount "43"]
[EventDate "2017.01.03"]
[EventType "swiss"]
[EventRounds "8"]
[EventCountry "USA"]
[SourceTitle "EXT 2018"]
[Source "ChessBase"]
[SourceDate "2017.10.13"]
[SourceVersion "1"]
[SourceVersionDate "2017.10.13"]
[SourceQuality "1"]

1. e4 Nf6 2. e5 Nd5 3. d4 d6 4. Nf3 Nc6 5. Bc4 Nb6 6. Bb5 Bd7 7. c4 dxe5 8. Bxc6 Bxc6 9. d5 e4 10. Ne5 Qd6 11. Bf4 Qf6 12. dxc6 Qxf4 13. cxb7 Qxe5 14. bxa8Q+ Nxa8 15. Qa4+ Kd8 16. Nc3 a5 17. Rd1+ Kc8 18. Qe8+ Kb7 19. Rd8 Nb6 20. Rb8+ Ka7 21. Nb5+ Ka6 22. Qc6 1-0

[Event "San Francisco TNM Winter op"]
[Site "San Francisco"]
[Date "2017.01.17"]
[Round "3"]
[White "Sadowsky, Jacob A"]
[Black "Wonsever, James"]
[Result "1-0"]
[WhiteElo "1667"]
[BlackElo "1829"]
[PlyCount "43"]
[EventDate "2017.01.03"]
[EventType "swiss"]
[EventRounds "8"]
[EventCountry "USA"]
[SourceTitle "EXT 2018"]
[Source "ChessBase"]
[SourceDate "2017.10.13"]
[SourceVersion "1"]
[SourceVersionDate "2017.10.13"]
[SourceQuality "1"]

1. e4 e5 2. Nf3 Nc6 3. Bc4 Bc5 4. 0-0 Nf6 5. Re1 0-0 6. c3 d6 7. d4 Bb6 8. h3 h6 9. b4 exd4 10. cxd4 Nxb4 11. Qd2 Nc6 12. Bb2 d5 13. exd5 Nxd5 14. Bxd5 Qxd5 15. Nc3 Qh5 16. d5 Rd8 17. Qf4 Na5 18. Re5 Qg6 19. Ne4 f6 20. Re7 Rd7 21. Nh4 Qh5 22. Rxg7+ 1-0

[Event "San Francisco TNM Winter op"]
[Site "San Francisco"]
[Date "2017.01.03"]
[Round "1"]
[White "Sadowsky, Jacob A"]
[Black "Diaz, Conrado"]
[Result "0-1"]
[WhiteElo "1667"]
[BlackElo "2237"]
[PlyCount "64"]
[EventDate "2017.01.03"]
[EventType "swiss"]
[EventRounds "8"]
[EventCountry "USA"]
[SourceTitle "EXT 2018"]
[Source "ChessBase"]
[SourceDate "2017.10.13"]
[SourceVersion "1"]
[SourceVersionDate "2017.10.13"]
[SourceQuality "1"]

1. e4 d5 2. exd5 Qxd5 3. Nc3 Qa5 4. d4 Nf6 5. Nf3 c6 6. Bd2 Qb6 7. Bc4 Bf5 8. Bb3 e6 9. 0-0 Bd6 10. Ne2 0-0 11. c3 Nbd7 12. Nh4 Qc7 13. h3 Be4 14. f4 c5 15. Nf3 cxd4 16. Nfxd4 a6 17. Bc2 Nc5 18. g4 e5 19. fxe5 Bxe5 20. Bf4 Rad8 21. Bxe5 Qxe5 22. Bxe4 Ncxe4 23. Rf5 Qc7 24. Qd3 Nc5 25. Qf3 Nfe4 26. b4 Nd2 27. Qe3 Nc4 28. Rxc5 Qxc5 29. Qf3 Qd5 30. Qf2 Qe4 31. Nf5 Rd2 32. Re1 Re8 0-1

[Event "San Francisco TNM Fall op"]
[Site "San Francisco"]
[Date "2016.12.13"]
[Round "9"]
[White "Sadowsky, Jacob A"]
[Black "Eastham, Asher Dan"]
[Result "1/2-1/2"]
[WhiteElo "1697"]
[BlackElo "1548"]
[PlyCount "120"]
[EventDate "2016.10.18"]
[EventType "swiss"]
[EventRounds "9"]
[EventCountry "USA"]
[SourceTitle "EXT 2018"]
[Source "ChessBase"]
[SourceDate "2017.10.13"]
[SourceVersion "1"]
[SourceVersionDate "2017.10.13"]
[SourceQuality "1"]

1. e4 e5 2. Nf3 Nc6 3. Bb5 a6 4. Ba4 Nf6 5. 0-0 Nxe4 6. Re1 Nc5 7. Nxe5 Nxe5 8. Rxe5+ Be7 9. Bb3 0-0 10. d3 d6 11. Re2 c6 12. Be3 Bf5 13. Nc3 Nxb3 14. axb3 Bf6 15. Qd2 d5 16. d4 Re8 17. Rae1 b5 18. b4 Qd7 19. Na2 Re7 20. Nc1 Rae8 21. Nb3 Bh4 22. Nc5 Qc8 23. g3 Bf6 24. f3 g6 25. g4 Bd7 26. h3 Bh4 27. Bf2 Bg5 28. Qd3 f5 29. h4 Bf6 30. g5 Rxe2 31. Rxe2 Be7 32. Qa3 Bxc5 33. Rxe8+ Qxe8 34. bxc5 Qe2 35. Kg2 Bc8 36. Qa5 Qe7 37. Qb6 Qd7 38. Qb8 Kf7 39. Bg3 a5 40. Qe5 Kg8 41. Qf6 f4 42. Bxf4 Qf5 43. Bd6 Qxf6 44. gxf6 Kf7 45. Be5 Bf5 46. c3 h6 47. Kg3 a4 48. Kf4 Bc2 49. Kg4 Bf5+ 50. Kf4 Bc2 51. Ke3 Bf5 52. Bf4 Kxf6 53. Bxh6 Bc2 54. Kf4 Bf5 55. Bg5+ Ke6 56. Bd8 Bd3 57. Kg5 Bf5 58. f4 Be4 59. Bc7 Bf5 60. Be5 Be4 1/2-1/2

[Event "San Francisco TNM Fall op"]
[Site "San Francisco"]
[Date "2016.11.15"]
[Round "5"]
[White "Walder, Michael S"]
[Black "Sadowsky, Jacob A"]
[Result "1/2-1/2"]
[WhiteElo "2084"]
[BlackElo "1697"]
[PlyCount "89"]
[EventDate "2016.10.18"]
[EventType "swiss"]
[EventRounds "9"]
[EventCountry "USA"]
[SourceTitle "EXT 2018"]
[Source "ChessBase"]
[SourceDate "2017.10.13"]
[SourceVersion "1"]
[SourceVersionDate "2017.10.13"]
[SourceQuality "1"]

1. c4 Nf6 2. g3 g6 3. Bg2 Bg7 4. Nc3 0-0 5. e3 e5 6. Nge2 Re8 7. d3 Nc6 8. 0-0 d6 9. Rb1 Be6 10. Nd5 Rb8 11. b4 Qd7 12. b5 Ne7 13. Nxe7+ Rxe7 14. Qa4 a6 15. Nc3 Ree8 16. bxa6 Qxa4 17. Nxa4 bxa6 18. Ba3 e4 19. c5 Bxa2 20. Rxb8 Rxb8 21. Nc3 Rb3 22. Bb4 dxc5 23. Nxa2 cxb4 24. dxe4 a5 25. h3 Ra3 26. Nc1 Nd7 27. Rd1 Ra1 28. Bf3 Bb2 29. Nd3 Rxd1+ 30. Bxd1 Bc3 31. Kf1 Nb6 32. Nc5 Be5 33. Ke2 Kf8 34. Kd3 Ke7 35. f4 Bg7 36. e5 Nd5 37. Na4 Kd7 38. Bb3 Nb6 39. Nxb6+ cxb6 40. Bxf7 b5 41. h4 a4 42. g4 Bf8 43. g5 Bc5 44. h5 b3 45. h6 1/2-1/2

[Event "San Francisco TNM Winter op"]
[Site "San Francisco"]
[Date "2015.01.27"]
[Round "4"]
[White "Anderson, Michael Gene"]
[Black "Sadowsky, Jacob A"]
[Result "1-0"]
[WhiteElo "1929"]
[BlackElo "1681"]
[PlyCount "105"]
[EventDate "2015.01.06"]
[EventType "swiss"]
[EventRounds "8"]
[EventCountry "USA"]
[SourceTitle "EXT 2016"]
[Source "ChessBase"]
[SourceDate "2015.10.08"]
[SourceVersion "1"]
[SourceVersionDate "2015.10.08"]
[SourceQuality "1"]

1. e4 d5 2. exd5 Qxd5 3. Nc3 Qa5 4. d4 c6 5. Nf3 Nf6 6. Bd2 Qc7 7. Bc4 Bg4 8. 0-0 Nbd7 9. Re1 e6 10. a4 Bd6 11. h3 Bh5 12. a5 0-0 13. g4 Bg6 14. Nh4 Nd5 15. Nxg6 hxg6 16. Qf3 N7f6 17. Ne4 Bf4 18. Nxf6+ gxf6 19. Bxf4 Nxf4 20. Re4 g5 21. h4 Rae8 22. b4 a6 23. Rae1 Qd6 24. c3 Kg7 25. h5 e5 26. Bb3 Rh8 27. Bd1 Qd5 28. R4e3 Qxf3 29. Rxf3 Re7 30. Rfe3 Rhe8 31. Bb3 Nd5 32. Bxd5 cxd5 33. f3 e4 34. Kf2 f5 35. gxf5 Kf6 36. fxe4 dxe4 37. Kg3 Rc7 38. Kg4 Rd8 39. h6 Rd5 40. h7 Rd8 41. Rh3 Rh8 42. Rxe4 Kg7 43. Kxg5 f6+ 44. Kf4 Rxh7 45. Ree3 Rxh3 46. Rxh3 Re7 47. Re3 Rc7 48. Ke4 Kh6 49. Rg3 Rc4 50. Kd5 Rc6 51. c4 Kh5 52. c5 Rc7 53. Ke6 1-0

[Event "San Francisco TNM Winter op"]
[Site "San Francisco"]
[Date "2015.01.20"]
[Round "3"]
[White "Sadowsky, Jacob A"]
[Black "Purland, Matthew D"]
[Result "1-0"]
[WhiteElo "1681"]
[BlackElo "1464"]
[PlyCount "71"]
[EventDate "2015.01.06"]
[EventType "swiss"]
[EventRounds "8"]
[EventCountry "USA"]
[SourceTitle "EXT 2016"]
[Source "ChessBase"]
[SourceDate "2015.10.08"]
[SourceVersion "1"]
[SourceVersionDate "2015.10.08"]
[SourceQuality "1"]

1. e4 e6 2. d4 d5 3. e5 c5 4. c3 Nc6 5. Nf3 Qb6 6. Bd3 h6 7. 0-0 Bd7 8. dxc5 Bxc5 9. b4 Be7 10. Bf4 f5 11. Re1 g5 12. Be3 Qc7 13. Bd4 g4 14. b5 Na5 15. Nfd2 h5 16. Bxf5 0-0-0 17. Nb3 Nh6 18. Bd3 Nc4 19. N1d2 Bxb5 20. Qe2 b6 21. a4 Nxd2 22. Qxd2 Bxd3 23. Qxd3 Nf5 24. a5 Qc4 25. Qb1 Bc5 26. axb6 axb6 27. Nxc5 bxc5 28. Ra7 Rd7 29. Ra8+ Kc7 30. Rxh8 Kc6 31. Qb8 Ne7 32. Rb1 Qa6 33. Be3 d4 34. cxd4 cxd4 35. Rc1+ Kd5 36. Qb3+ 1-0

[Event "San Francisco TNM Jay Whitehead op"]
[Site "San Francisco"]
[Date "2014.09.09"]
[Round "6"]
[White "Hood, Bryan"]
[Black "Sadowsky, Jacob A"]
[Result "0-1"]
[WhiteElo "1258"]
[BlackElo "1736"]
[PlyCount "75"]
[EventDate "2014.08.05"]
[EventType "swiss"]
[EventRounds "9"]
[EventCountry "USA"]
[SourceTitle "EXT 2016"]
[Source "ChessBase"]
[SourceDate "2015.10.08"]
[SourceVersion "1"]
[SourceVersionDate "2015.10.08"]
[SourceQuality "1"]

1. d4 Nf6 2. c4 g6 3. Nf3 Bg7 4. Nc3 0-0 5. g3 d6 6. Bg2 Nc6 7. d5 Na5 8. Qd3 b6 9. b4 Nb7 10. Nd4 Ng4 11. Nc6 Ne5 12. Qc2 Qe8 13. Nb5 Nxc6 14. Nxc7 Nxb4 15. Qb3 Qd8 16. Nxa8 Bxa1 17. Qxb4 Bd7 18. Nxb6 Qxb6 19. Qxb6 Bc3+ 20. Bd2 Bxd2+ 21. Kxd2 axb6 22. Rb1 Ra8 23. Rb2 Nc5 24. e4 Ra3 25. f4 Nd3 26. Rxb6 Nxf4 27. gxf4 Rxa2+ 28. Ke3 Rxg2 29. Rb7 Be8 30. Rxe7 Kf8 31. Ra7 Rxh2 32. e5 dxe5 33. fxe5 Rb2 34. c5 Rb8 35. c6 Bxc6 36. dxc6 Rc8 37. e6 Rxc6 38. exf7 0-1

[Event "San Francisco TNM Jay Whitehead op"]
[Site "San Francisco"]
[Date "2014.08.20"]
[Round "3"]
[White "Sadowsky, Jacob A"]
[Black "Nagle, Michael P"]
[Result "0-1"]
[WhiteElo "1736"]
[BlackElo "1449"]
[PlyCount "36"]
[EventDate "2014.08.05"]
[EventType "swiss"]
[EventRounds "9"]
[EventCountry "USA"]
[SourceTitle "EXT 2016"]
[Source "ChessBase"]
[SourceDate "2015.10.08"]
[SourceVersion "1"]
[SourceVersionDate "2015.10.08"]
[SourceQuality "1"]

1. e4 e5 2. f4 Bc5 3. Nf3 d6 4. Bc4 Nf6 5. Nc3 Nc6 6. d3 Bg4 7. Ne2 Qe7 8. h3 Bxf3 9. gxf3 0-0-0 10. c3 d5 11. exd5 Nxd5 12. Bxd5 Qh4+ 13. Kd2 Rxd5 14. b4 Rhd8 15. Qc2 Nxb4 16. cxb4 Bxb4+ 17. Ke3 exf4+ 18. Ke4 f5# 0-1